| 000 | 00655nam a2200217Ia 4500 | ||
|---|---|---|---|
| 003 | GCL | ||
| 008 | 140319s9999 xx 000 0 ara d | ||
| 040 |
_aGCL / _cGCL |
||
| 082 | 0 | 4 |
_aق _b745.5 _bب ل |
| 100 | 1 | _aمحمد حماد | |
| 245 | 1 | 0 |
_aلمحات من الفنون والصناعات الصغيرة واثارنا المصرية / _cمحمد حماد |
| 700 | 1 | _aباهور لبيب | |
| 300 | _a69 ص | ||
| 490 | _a | ||
| 650 | 0 | 4 | _aالاثار الفرعونية |
| 650 | 0 | 4 | _aالصناعات اليدوية |
| 650 | 0 | 4 | _aالحرف اليدوية |
| 650 | 0 | 4 | _aالتماثيل |
| 650 | 0 | 4 | _aالمنسوجات |
| 942 |
_2ddc _cBK |
||
| 999 |
_c38757 _d38757 |
||